[Event "Veins QA"]
[Site "http://www.queenalice.com/game.php?id=850354"]
[Date "2010.10.25"]
[Round "1"]
[White "shivaroxxx"]
[Black "ErnestHemingway"]
[Result "1-0"]
[WhiteElo "1100"]
[BlackElo "1766"]

1. e4 c6 2. d4 d5 3. exd5 cxd5 4. c4 Nf6 5. Nc3 Nc6 6. Bg5 dxc4 7. d5 Ne5 8.
Bxc4 Nxc4 9. Qa4+ Bd7 10. Qxc4 e6 11. Nf3 Be7 12. dxe6 1-0

[Event "Challenge"]
[Site "http://www.queenalice.com/game.php?id=960720"]
[Date "2011.7.15"]
[Round "-"]
[White "plot24"]
[Black "shivaroxxx"]
[Result "1-0"]
[WhiteElo "1875"]
[BlackElo "1142"]

1. e4 e5 2. f4 Bc5 3. Nf3 d6 4. Bc4 Nf6 5. d3 Be6 6. Nc3 Bxc4 7. dxc4 Nbd7 8.
fxe5 Nxe5 9. Nxe5 dxe5 10. Bg5 Qxd1+ 11. Rxd1 Be7 12. h4 c6 13. Rd3 h6 14. Bd2
O-O 15. h5 Rfd8 16. Kd1 Ne8 17. g4 Nc7 18. Rg3 Bg5 19. Rg2 Ne6 20. Kc1 Bxd2+ 21.
Rxd2 f6 22. Rhd1 Rxd2 23. Rxd2 Rd8 24. Rxd8+ Nxd8 25. b4 Kf7 26. a4 g6 27. a5
gxh5 28. gxh5 Ne6 29. Na4 f5 30. exf5 Kf6 31. fxe6 Kxe6 32. Nc5+ Kf5 33. Nxb7
Kg5 34. b5 cxb5 35. cxb5 Kxh5 36. Nc5 Kg4 37. b6 axb6 38. axb6 h5 39. b7 h4 40.
b8=Q h3 41. Qxe5 Kf3 42. Qh2 Kg4 43. Kd2 Kh4 44. Ke3 Kg4 45. Nd3 Kh4 46. Kf4 Kh5
47. c4 Kg6 48. c5 Kf6 49. c6 Ke7 50. Qxh3 1-0

[Event "OS INCLIVEIS"]
[Site "http://www.queenalice.com/game.php?id=961979"]
[Date "2011.7.19"]
[Round "-"]
[White "adelio"]
[Black "shivaroxxx"]
[Result "0-1"]
[WhiteElo "1665"]
[BlackElo "1142"]

1. c4 g5 2. b4 Bg7 3. d4 h6 4. e4 b6 5. b5 c5 6. bxc6 Nxc6 7. Bb2 Bb7 8. g4 e6
9. e5 Nxe5 10. d5 Nf3+ 11. Qxf3 Bxb2 12. Ne2 Bxa1 13. Nbc3 Qf6 14. Qe3 Ne7 15.
Bg2 Rc8 16. O-O Bxc3 17. Nxc3 Ba6 18. Ne4 Qf4 19. Qc3 Nxd5 20. Qxh8+ Ke7 21.
Qxc8 Bxc8 22. cxd5 Bb7 23. d6+ Kf8 24. Nxg5 Qxg4 25. Nxe6+ dxe6 26. f3 Qd4+ 27.
Kh1 Qxd6 28. a4 Bd5 29. Rd1 Qf4 30. Rf1 Qxa4 31. h3 b5 32. f4 Bxg2+ 33. Kxg2
Qc2+ 34. Rf2 Qe4+ 35. Kg1 b4 36. h4 b3 37. h5 Qc2 38. Rxc2 bxc2 39. Kf2 c1=Q 40.
f5 a5 41. fxe6 fxe6 42. Kf3 a4 43. Ke4 a3 44. Ke5 Kf7 45. Ke4 Kf6 46. Kd4 Kf5
47. Kd3 e5 48. Ke2 Kf4 49. Kd3 Qe3+ 50. Kc4 Ke4 51. Kb5 Kd5 52. Kb4 Qc1 53. Kb5
Qb1+ 54. Ka6 Kc6 55. Ka7 Qb7# 0-1

[Event "OS INCLIVEIS"]
[Site "http://www.queenalice.com/game.php?id=966197"]
[Date "2011.7.29"]
[Round "-"]
[White "adelio"]
[Black "shivaroxxx"]
[Result "0-1"]
[WhiteElo "1612"]
[BlackElo "1142"]

1. c4 g5 2. d4 Bg7 3. e4 c5 4. d5 d6 5. g4 Nd7 6. Nf3 h6 7. Nc3 Ngf6 8. h4 Nxg4
9. hxg5 h5 10. Nh4 Bd4 11. Be3 Nxe3 12. fxe3 Bxe3 13. Nf5 Bd4 14. Nxd4 cxd4 15.
Qxd4 Ne5 16. Be2 h4 17. O-O-O Qb6 18. Nb5 Qxd4 19. Rxd4 Kd8 20. a4 Bd7 21. Rg1
h3 22. Rdd1 h2 23. Rh1 a6 24. Nc3 Kc7 25. b4 Rh3 26. Kc2 Rah8 27. c5 Bg4 28.
cxd6+ exd6 29. Bf1 Bxd1+ 30. Nxd1 Rg3 31. Ne3 Rxe3 32. b5 Re1 33. Bg2 Re2+ 34.
Kc3 Rxg2 35. Kb4 Rg1 36. Rxg1 hxg1=Q 37. b6+ Qxb6+ 38. Kc3 Qc5+ 39. Kd2 Nc4+ 40.
Kc2 Qe3 41. Kb1 Qd2 42. Ka1 Qb2# 0-1

[Event "Veins QA"]
[Site "http://www.queenalice.com/game.php?id=967260"]
[Date "2011.7.31"]
[Round "2"]
[White "Whitecharger"]
[Black "shivaroxxx"]
[Result "1-0"]
[WhiteElo "2456"]
[BlackElo "1142"]

1. d4 d5 2. g3 Nf6 3. Bg2 c6 4. Nf3 Bf5 5. O-O e6 6. c4 Nbd7 7. Qb3 Qb6 8. c5
Qa6 9. Bf4 b6 10. cxb6 axb6 11. Rc1 c5 12. Nc3 c4 13. Qb5 Be7 14. Ne5 Qxb5 15.
Nxb5 Rc8 16. b3 Nh5 17. Bd2 Nxe5 18. dxe5 g6 19. bxc4 dxc4 20. e4 Bg4 21. f3 Ng7
22. fxg4 O-O 23. Nd6 Bxd6 24. exd6 e5 25. Bf1 Rfd8 26. Bxc4 Rb8 27. Bd5 Ne8 28.
Rc7 Nxd6 29. Bg5 Rf8 30. Rd7 1-0

[Event "need players close enough for ra"]
[Site "http://www.queenalice.com/game.php?id=971072"]
[Date "2011.8.11"]
[Round "-"]
[White "shivaroxxx"]
[Black "jonas777"]
[Result "1-0"]
[WhiteElo "1142"]
[BlackElo "1466"]

1. e4 e6 2. d3 h6 3. Nd2 a6 4. Ngf3 Nf6 5. b3 Bb4 6. Bb2 Nc6 7. Be2 Rg8 8. O-O
Nh7 9. a3 Bd6 10. Nc4 Ng5 11. Nxd6+ cxd6 12. Nd2 Qb6 13. Nc4 Qc7 14. f4 Nh7 15.
f5 e5 16. d4 f6 17. Bh5+ Kf8 18. a4 Ng5 19. Ba3 Nxe4 20. dxe5 Rh8 21. Nxd6 Nc3
22. Ne4+ Kg8 23. Nxf6+ gxf6 24. Qg4+ Kh7 25. Qg6# 1-0

[Event "Let's Play Chess!"]
[Site "http://www.queenalice.com/game.php?id=971214"]
[Date "2011.8.11"]
[Round "-"]
[White "spawnwolfwolverine"]
[Black "shivaroxxx"]
[Result "0-1"]
[WhiteElo "1578"]
[BlackElo "1239"]

1. d4 d5 2. e3 Nf6 3. g3 g6 4. Bg2 Bg7 5. Nf3 O-O 6. O-O b6 7. b3 Bb7 8. a4 Nfd7
9. Ba3 c5 10. c3 Nc6 11. dxc5 Nxc5 12. Bxc5 bxc5 13. Na3 Bxc3 14. Ra2 e6 15. Nb5
Bf6 16. Qd2 Nb4 17. Ra3 a6 18. Nc3 Rc8 19. Nh4 Rc7 20. Nf3 e5 21. h4 d4 22. exd4
cxd4 23. Nb1 a5 24. Ra1 Rc2 25. Qd1 Qc7 26. Na3 Rc3 27. Nc4 Bd5 28. g4 Bxc4 29.
bxc4 Qxc4 30. Nd2 Qc7 31. g5 Bg7 32. Ne4 Rc4 33. Rc1 Rxc1 34. Qxc1 Rc8 35. Qxc7
Rxc7 36. Nf6+ Bxf6 37. gxf6 Nd3 38. f4 Nxf4 39. Be4 Kf8 40. Rb1 Ke8 41. Rb8+ Kd7
42. Ra8 d3 43. Bxd3 Nxd3 44. Rh8 h5 45. Rf8 Ke6 46. Ra8 Rc5 47. Rd8 Nf4 48. Rb8
Kxf6 49. Rb5 Rxb5 50. axb5 Nd5 51. Kf2 Kf5 52. Kf3 e4+ 53. Ke2 Ke5 54. Kf2 e3+
55. Ke2 Kd4 56. Ke1 Kd3 57. Kd1 e2+ 58. Ke1 Nb6 59. Kf2 Kd2 60. Kf3 e1=Q 61. Kf4
Qe3# 0-1

[Event "Challenge"]
[Site "http://www.queenalice.com/game.php?id=977463"]
[Date "2011.8.26"]
[Round "-"]
[White "shivaroxxx"]
[Black "Whitecharger"]
[Result "0-1"]
[WhiteElo "1187"]
[BlackElo "2457"]

1. e4 e6 2. d3 d5 3. Nd2 Nf6 4. Ngf3 c5 5. g3 Be7 6. Bg2 O-O 7. O-O Nc6 8. Re1
h6 9. e5 Nd7 10. Nf1 b5 11. c3 Bb7 12. d4 b4 13. Be3 bxc3 14. bxc3 Rb8 15. Qd2
cxd4 16. Bxd4 Qa5 17. Reb1 Ba6 18. Ne3 Qc7 19. Ng4 Rxb1+ 20. Rxb1 Rb8 21. Rb3
Nc5 22. Nxh6+ gxh6 23. Qxh6 Nxb3 24. Ng5 Bd3 25. Nxe6 fxe6 26. Qxe6+ Kh8 27.
Qh6+ Bh7 28. Bxd5 Ncxd4 0-1

[Event "Let's Play Chess!"]
[Site "http://www.queenalice.com/game.php?id=978323"]
[Date "2011.8.29"]
[Round "-"]
[White "shivaroxxx"]
[Black "gabrielsibo"]
[Result "1-0"]
[WhiteElo "1221"]
[BlackElo "1216"]

1. e4 e5 2. Nf3 Nc6 3. Bc4 d6 4. O-O Bg4 5. c3 Nf6 6. Re1 d5 7. exd5 Nxd5 8.
Nxe5 Bxd1 9. Nxc6+ Qe7 10. Nxe7 Bxe7 11. Bxd5 Bh5 12. Bxb7 Rb8 13. Bc6+ Kf8 14.
d4 1-0

[Event "Challenge"]
[Site "http://www.queenalice.com/game.php?id=981264"]
[Date "2011.9.4"]
[Round "-"]
[White "saucissonsec"]
[Black "shivaroxxx"]
[Result "0-1"]
[WhiteElo "1500"]
[BlackElo "1187"]

1. e3 d5 2. d4 g6 3. c4 Nf6 4. Nf3 Bg7 5. Bd3 O-O 6. O-O Bg4 7. Nbd2 c6 8. c5
Re8 9. h3 Bxf3 10. Nxf3 Nbd7 11. Re1 e5 12. Nxe5 Nxe5 13. dxe5 Rxe5 14. f3 Nd7
15. f4 Re7 16. f5 Nxc5 17. b3 Bxa1 18. Ba3 Nxd3 19. Qxd3 Be5 20. Bxe7 Qxe7 21.
fxg6 fxg6 22. Rf1 Rf8 23. Rxf8+ Kxf8 24. a4 Qh4 25. Qf1+ Kg7 26. Qf2 Qb4 27. Qc2
Qe1# 0-1